000 00301nam a22001337a 4500
008 170414b xxu||||| |||| 00| 0 eng d
020 _a032301402
041 _aeng
080 _24 ED
_a618
100 _a10
101 _aSHM
245 _aCOMPREHENSIVE GYNECOLOGY
_cSTENCHEVER.M.A
942 _2udc
_cBK
999 _c10774
_d10774